000
00314nam a2200121Ia 4500
008
220204s9999 xx 000 0 und d
082
_a
336.2
_b
DAT
100
_a
Datar, Arvind P
245
0
_a
Guide to central excise law and practice. 2 V
250
_a
Ed.3
260
_a
Nagpur
_b
Wadhawa and Co
_c
1992
942
_c
BK
999
_c
40377
_d
40377